| 000 | 00762cam a22001814a 4500 | ||
|---|---|---|---|
| 005 | 20250605164405.0 | ||
| 008 | 250528s ||||||||||||||||||||||||d | ||
| 035 | _a24776 | ||
| 040 |
_aGR-AtMCL _bgre _dGR-AtMCL _eAACR2 |
||
| 245 | 1 | _aΑναζητώντας Λύσεις Ενεργειακής Επάρκειας και Εξοικονομήσεις σε Υποδομές - Αποθήκες | |
| 260 |
_bParametros Group, _c2023 |
||
| 300 | _a96 | ||
| 520 | _aΠώς οι Μεθοδολογείες της LCE έβαλαν tofarmakeiomou.gr στα μεγαλύτερα e-shops, Who Wan Top 28 Supply Chain Executives Europe 2022. | ||
| 700 | 1 |
_aΔημητριάδης Θεόδωρος _99489 |
|
| 942 | _cCR | ||
| 999 |
_c9627 _d9627 |
||